000 00508nam a2200193Ia 4500
008 220531s9999 xx 000 0 und d
041 _amar
082 _a-
100 _aदुधाळ क.
_968285
245 _aसिझर कर म्‍हणतेय माती कविता
250 _a2ND
260 _aPune
_bHarmis
_c2014
300 _a120
542 _d08-01-2015
551 _aMarathi
_bUgc-MRA
650 _aPoem
_968286
906 _d2014-2015
_f4094
999 _c38374
_d38374